000 00865nam a2200265 a 4500
001 24927
003 BD-RjUL
005 20211209001121.0
008 140315s1952 enk b 001 0 eng d
035 _a(BD-RjUL)24996
_a(OCoLC)1028460
040 _aDLC
_cITD
_dSER
_dOCL
_dBD-RjUL
_beng
041 _aeng
082 0 4 _a940.1
_bWAB 1952
100 1 _aWallace-Hadrill, J. M.
_q(John Michael)
_976698
245 1 4 _aThe barbarian west, 400-1000 /
_cJ. M. Wallace-Hadrill.
260 _aLondon :
_bHutchinson's University Library,
_c1952.
300 _avii, 157 p. :
_c19 cm.
490 1 _aHutchinson university library. History
504 _aIncludes bibliographical references and index.
650 0 _aMiddle Ages
_976699
650 0 _aMigrations of nations.
_973618
830 0 _aHutchinson university library.
_976706
942 _2ddc
_cBK
999 _c24927
_d24927